| 000 | 01360nam a2200337 a 4500 | ||
|---|---|---|---|
| 001 | ebr10674787 | ||
| 003 | CaPaEBR | ||
| 006 | m o u | ||
| 007 | cr cn||||||||| | ||
| 008 | 150303s2013 njua sb 000 0 eng d | ||
| 020 | _z9781118457146 (e-book) | ||
| 020 | _z9781118456538 | ||
| 040 |
_aCaPaEBR _cCaPaEBR |
||
| 035 | _a(OCoLC)842854769 | ||
| 050 | 1 | 4 |
_aHF5415.5 _b.S6218 2013eb |
| 082 | 0 | 4 |
_a658.4/06 _223 |
| 100 | 1 | _aSolis, Brian. | |
| 245 | 1 | 0 |
_aWhat's the future of business? _h[electronic resource] : _bchanging the way businesses create experiences / _cBrian Solis. |
| 260 |
_aHoboken, N.J. : _bJohn Wiley & Sons, _cc2013. |
||
| 300 |
_a1 online resource (218 p.) : _bcol. ill. |
||
| 504 | _aIncludes bibliographical references. | ||
| 533 |
_aElectronic reproduction. _bPalo Alto, Calif. : _cebrary, _d2015. _nAvailable via World Wide Web. _nAccess may be limited to ebrary affiliated libraries. |
||
| 588 | _aDescription based on online resource; title from title page (ebrary, viewed April 17, 2013). | ||
| 650 | 0 | _aCustomer relations. | |
| 650 | 0 | _aCustomer services. | |
| 650 | 0 | _aSocial media. | |
| 650 | 0 | _aConsumers. | |
| 655 | 7 |
_aElectronic books. _2local |
|
| 710 | 2 | _aebrary, Inc. | |
| 856 | 4 | 0 |
_uhttp://site.ebrary.com/lib/rucke/Doc?id=10674787 _zAn electronic book accessible through the World Wide Web; click to view |
| 999 |
_c57243 _d57243 |
||